LEADER 01153cas--2200373---450- 001 990001032050203316 005 20110401131526.0 011 $a1013-7343 035 $a0103205 035 $aUSA010103205 035 $a(ALEPH)000103205USA01 035 $a0103205 100 $a20020314d--------km-y0itay0103----ba 101 $afre 102 $aBE 110 $aaga-------- 200 1 $a<> Courrier$eAfrique-Caraibes-Pacifique-Communauté européenne 210 $aBruxelles$cCommission des Communautés européennes 215 $av.$d30 cm 326 $aBimestrale 440 $1001000217053$12001$aLe Courrier: le magazine de la coopération au développement ACP-UE 676 $a341.026 801 0$aIT$bsalbc$gISBD 912 $a990001032050203316 958 $aCEE ECO$c1979;1983-1993.$l1979;1983-1984;1987; 959 $aSE 969 $aCEE ECO 979 $aPATTY$b90$c20020314$lUSA01$h1202 979 $c20020403$lUSA01$h1744 979 $aPATRY$b90$c20040406$lUSA01$h1711 979 $aVITTORIANA$b90$c20110401$lUSA01$h1315 979 $aVITTORIANA$b90$c20110401$lUSA01$h1315 996 $aCourrier$9892632 997 $aUNISA LEADER 01184nam0-2200337---450- 001 990010094640403321 005 20160801115431.0 010 $a88-86255-02-0 035 $a001009464 035 $aFED01001009464 035 $a(Aleph)001009464FED01 035 $a001009464 100 $a20160801d1993----km-y0itay50------ba 101 0 $aita 102 $aIT 105 $aa-------001yy 200 1 $a<>sportello ambientale della Provincia di Perugia$esupporto potenziale per uno sviluppo sostenibile$eanalisi, funzioni, proposte$escheda descrittiva delle caratteristiche e delle applicazioni dello Sportello Ambientale$fAdriano Ciani, Stephan Cocco, Luciano Giacchè 210 $aPerugia$cCentro Luigi Bazzucchi$d1993 215 $a95 p.$cill.$d24 cm 225 1 $aNuovi strumenti 610 0 $aAmbiente naturale$aProtezione$aPerugia 700 1$aCiani,$bAdriano$076477 701 1$aCocco,$bStephan$0748180 702 1$aGiacche,$bLuciano 801 0$aIT$bUNINA$gRICA$2UNIMARC 901 $aBK 912 $a990010094640403321 952 $aINU B 20$b20$fFARBC 959 $aFARBC 996 $aSportello ambientale della Provincia di Perugia$91495633 997 $aUNINA LEADER 00989nam0-2200313---450- 001 990008583450403321 005 20071119103535.0 035 $a000858345 035 $aFED01000858345 035 $a(Aleph)000858345FED01 035 $a000858345 100 $a20071116d1925----km-y0itay50------ba 101 0 $aeng 102 $aUS 105 $ay-------001yy 200 1 $a<>study of Ancient Andean Social Institutions$fPhilip Ainsworth Means 210 $aNew Haven$cConnecticut Academy of Arts and Sciences$d1925 215 $ap. 407-469$d23 cm 300 $aEstr. da: Transactions of the Connecticut Academy of Arts and Sciences, 7,1925 610 0 $aInca$aStoria peruviana 676 $a985.01$v20$zita 700 1$aMeans,$bPhilip Ainsworth$0502775 801 0$aIT$bUNINA$gRICA$2UNIMARC 901 $aBK 912 $a990008583450403321 952 $a60 Misc. B 199/2$fFAGBC 959 $aFAGBC 996 $aStudy of Ancient Andean Social Institutions$9710568 997 $aUNINA